000 00481nam a22001575i 4500
001 173693
003 ES-MaACL
005 20230906215322.0
008 100111s1880 tu |||| | fra d
245 0 0 _aRèglement applicable aux navires faisant le transport des pèlerins.
260 _aConstantinople :
_b[s.n.],
_c1880.
300 _a14 p. ;
_c22 cm.
650 _aCólera-
_xPrevención.
_9139264
650 4 _aEpidemias-
_xPrevención.
_9160081
852 _aES-MaACL
_jT-352-F-8
999 _c173693
_d173693